| 000 | 00769nam a2200253 i 4500 | ||
|---|---|---|---|
| 003 | DO-SdBNP | ||
| 005 | 20240122093007.0 | ||
| 007 | ta | ||
| 008 | 231113b1998 dr |||| |||| 00| 0 spa d | ||
| 020 | _a849511903X | ||
| 040 |
_aDO-SdBNP _bspa _cBNPHU _erda |
||
| 082 | 4 |
_a324.27293 _bB742p, 1998 _222 |
|
| 100 | 1 |
_aBosch, Juan, _eautor _984627 |
|
| 245 | 1 | 3 |
_aEl PLD colección estudios sociales / _cJuan Bosch |
| 250 | _aTercera edición | ||
| 264 |
_aSanto Domingo : _bAlfa &,Omega, _c1998. |
||
| 300 |
_a391 páginas ; _c21 cm. |
||
| 336 |
_2rdacontent _atexto _btxt |
||
| 337 |
_2rdamedia _asin mediación _bn |
||
| 338 |
_2rdacarrier _avolumen _bnc |
||
| 590 | _aInventariado, 2023/BT | ||
| 910 | _aBtavárez /Validado. Control de calidad MFF | ||
| 942 |
_2ddc _cLBS1 |
||
| 999 |
_c55473 _d55473 |
||